000 00763cam a2200229 4500500
005 20260405003108.0
041 _afre
042 _adc
100 1 0 _aLacroix, Alexandre
_eauthor
245 0 0 _aGlenn Albrecht : “Nous avions besoin d’un mot pour nommer nos émotions quand le monde où nous habitons s’effondre”
260 _c2020.
500 _a52
690 _aAustralie
690 _aCréation
690 _aDémocratie
690 _aÉcologie
690 _aGlenn Albrecht
690 _aRéchauffement climatique
690 _aSolastagie
786 0 _nPhilosophie magazine | 141 | 8 | 2020-08-01 | p. 37-39 | 1951-1787
856 4 1 _uhttps://shs.cairn.info/magazine-philosophie-magazine-2020-8-page-37?lang=fr&redirect-ssocas=7080
999 _c2064330
_d2064330